Elementos de análisis urbano (Registro nro. 1523)

Detalles MARC
000 -LEADER
fixed length control field 00945 a2200241 4500
001 - CONTROL NUMBER
control field 26940
005 - DATE AND TIME OF LATEST TRANSACTION
control field 20260407155547.0
008 - FIXED-LENGTH DATA ELEMENTS--GENERAL INFORMATION
fixed length control field 260407a1983 arg spa d
003 - CONTROL NUMBER IDENTIFIER
control field AR-UNSa-BCEJYS
040 ## - CATALOGING SOURCE
Original cataloging agency AR-UNSa-BCEJYS
Language of cataloging spa
Transcribing agency AR-UNSa-BCEJYS
080 ## - UNIVERSAL DECIMAL CLASSIFICATION NUMBER
Universal Decimal Classification number 711.4
Common auxiliary subdivision Ordenación urbana. Desarrollo urbano. Áreas edificadas. Conurbaciones. Asentamientos
020 ## - INTERNATIONAL STANDARD BOOK NUMBER
International Standard Book Number 84-7088-343-7
100 1# - MAIN ENTRY--PERSONAL NAME
Personal name Panerai, Philippe
245 10 - TITLE STATEMENT
Title Elementos de análisis urbano
264 #1 - PRODUCTION, PUBLICATION, DISTRIBUTION, MANUFACTURE, AND COPYRIGHT NOTICE
Place of production, publication, distribution, manufacture Madrid :
Name of producer, publisher, distributor, manufacturer Instituto de Estudios de Administración Local
Date of production, publication, distribution, manufacture, or copyright notice 1983
300 ## - PHYSICAL DESCRIPTION
Extent 280 p.
Dimensions 21 cm.
505 ## - FORMATTED CONTENTS NOTE
Formatted contents note 1. Crecimientos - 2. Trazados y parcelación - 3. Tipologías - 4. Paisaje urbano - 5. La práctica del espacio urbano - 6. Estructuras urbanas - 7. La arquitectura urbana: una utopia realista
590 ## - LOCAL NOTE (RLIN)
Local note niveau_biblio:m niveau_hierar:0
700 1# - ADDED ENTRY--PERSONAL NAME
Personal name Depaule, Jean-Charles
700 1# - ADDED ENTRY--PERSONAL NAME
Personal name Demorgon, Marcelle
700 1# - ADDED ENTRY--PERSONAL NAME
Personal name Veyrenche, Michel
942 ## - ADDED ENTRY ELEMENTS (KOHA)
Koha item type
Existencias
Withdrawn status Lost status Damaged status Not for loan Home library Current library Shelving location Date acquired Total checkouts Full call number Barcode Date last seen Price effective from Koha item type
        Biblioteca Prof. Eusebio Cleto del Rey Biblioteca Prof. Eusebio Cleto del Rey   07/04/2026   711.4 E38 L58325 07/04/2026 07/04/2026 Libro